[Event "MNT-chT"]
[Site "Herceg Novi"]
[Date "2024.04.29"]
[Round "3.6"]
[White "Musovic, Armin"]
[Black "Loncar, Milenko"]
[Result "0-1"]
[WhiteElo "2249"]
[BlackElo "1991"]
[PlyCount "100"]
[EventDate "2024.04.27"]
[EventType "team-tourn"]
[EventRounds "9"]
[EventCountry "MNE"]
[SourceTitle "CB19_2024"]
[SourceDate "2024.05.08"]
[SourceVersion "1"]
[SourceVersionDate "2024.05.08"]
[SourceQuality "1"]
[WhiteTeam "Herceg Novi"]
[BlackTeam "Rudar"]
[WhiteTeamCountry "MNE"]
[BlackTeamCountry "MNE"]

1. a3 g6 2. Nc3 Bg7 3. e4 d6 4. Bc4 Nc6 5. d3 Bd7 6. Nge2 e6 7. Ba2 Qe7 8. 0-0 h5 9. d4 Nd8 10. Nf4 c5 11. Nfd5 exd5 12. Nxd5 Bg4 13. Nxe7 Bxd1 14. Nd5 Bxc2 15. Nc7+ Kd7 16. Nxa8 Bxd4 17. Bb1 Ba4 18. Bd3 Nf6 19. Be3 Ne6 20. Bxd4 Nxd4 21. Bc4 Nb3 22. Bxb3 Bxb3 23. Rfe1 Rxa8 24. Re3 c4 25. f4 Re8 26. Rae1 d5 27. exd5 Rxe3 28. Rxe3 Nxd5 29. Rf3 Bd1 30. Rf2 Bg4 31. Rd2 Kc6 32. g3 b5 33. Kf2 a5 34. Rc2 Kc5 35. Ke1 b4 36. Kd2 c3+ 37. Kc1 Kc4 38. axb4 axb4 39. h4 b3 40. Rf2 Nb4 41. Rf1 Nd3+ 42. Kb1 Nxb2 43. Ka1 Nd3 44. f5 Bxf5 45. g4 Be6 46. g5 Bf5 47. Rf4+ Kc5 48. Ra4 b2+ 49. Ka2 c2 50. Ra5+ Kb6 0-1

[Event "MNT-chT"]
[Site "Herceg Novi"]
[Date "2024.04.27"]
[Round "1.18"]
[White "Musovic, Armin"]
[Black "Sekulic, Nikola"]
[Result "1/2-1/2"]
[WhiteElo "2249"]
[BlackElo "1926"]
[PlyCount "117"]
[EventDate "2024.04.27"]
[EventType "team-tourn"]
[EventRounds "9"]
[EventCountry "MNE"]
[SourceTitle "CB19_2024"]
[SourceDate "2024.05.08"]
[SourceVersion "1"]
[SourceVersionDate "2024.05.08"]
[SourceQuality "1"]
[WhiteTeam "Herceg Novi"]
[BlackTeam "Prosvjeta"]
[WhiteTeamCountry "MNE"]
[BlackTeamCountry "MNE"]

1. e3 Nf6 2. c4 c6 3. Nf3 d5 4. Nc3 e6 5. d4 Bd6 6. Bd3 Nbd7 7. 0-0 0-0 8. e4 Nxe4 9. Nxe4 dxe4 10. Bxe4 h6 11. Bc2 Re8 12. Re1 c5 13. Qd3 Qf6 14. Qh7+ Kf8 15. Be3 b6 16. Rad1 Ke7 17. Ba4 Rd8 18. dxc5 bxc5 19. Qe4 Rb8 20. Rxd6 Kxd6 21. Qc6+ Ke7 22. Bxc5+ Nxc5 23. Qxc5+ Rd6 24. Qc7+ Bd7 25. c5 Rbb6 26. Bxd7 Rxd7 27. Qg3 Rxb2 28. Ne5 Rd5 29. Ng4 Qd4 30. c6 Qb6 31. Ne3 Rc5 32. h3 Rb1 33. Rxb1 Qxb1+ 34. Kh2 Rxc6 35. Qxg7 Qxa2 36. Ng4 Rc7 37. Qf6+ Kd6 38. Nxh6 Qd5 39. Nxf7+ Kc6 40. Qf4 a5 41. g4 Kb6 42. g5 Rc4 43. Qe3+ Qd4 44. Qxd4+ Rxd4 45. g6 Rc4 46. Nd6 Rc7 47. h4 a4 48. h5 a3 49. h6 a2 50. g7 a1Q 51. g8Q Qe5+ 52. Qg3 Qxg3+ 53. Kxg3 Rh7 54. Kf4 Rxh6 55. Ke5 Kc6 56. Ne4 Kd7 57. Nf6+ Kd8 58. Kxe6 Rh2 59. Ng4 1/2-1/2

[Event "MNE-ch 76th"]
[Site "Podgorica"]
[Date "2024.02.14"]
[Round "10"]
[White "Musovic, Armin"]
[Black "Kadic, Branislav"]
[Result "1-0"]
[WhiteElo "2268"]
[BlackElo "1970"]
[PlyCount "103"]
[EventDate "2024.02.06"]
[EventType "swiss"]
[EventRounds "11"]
[EventCountry "MNE"]
[SourceTitle "CB08_2024"]
[SourceDate "2024.02.21"]
[SourceVersion "1"]
[SourceVersionDate "2024.02.21"]
[SourceQuality "1"]

1. a3 Nf6 2. Nf3 d5 3. d4 c6 4. c4 Bf5 5. Nc3 e6 6. g3 Be7 7. Bg2 0-0 8. 0-0 Nbd7 9. Nd2 h6 10. e4 dxe4 11. Ndxe4 Nxe4 12. Nxe4 Bxe4 13. Bxe4 Nf6 14. Bg2 Qd7 15. Be3 Rad8 16. Qf3 Rfe8 17. Rac1 Nh7 18. h4 Bf6 19. Rfd1 Qe7 20. b4 Rd7 21. d5 cxd5 22. cxd5 b6 23. dxe6 Rxd1+ 24. Qxd1 Qxe6 25. Rc7 Re7 26. Qd8+ Re8 27. Qd5 Qxd5 28. Bxd5 Re7 29. Rc8+ Nf8 30. Ra8 g5 31. a4 Kg7 32. a5 Re5 33. Bb3 Ne6 34. Rxa7 bxa5 35. Rxa5 Re4 36. Bxe6 fxe6 37. hxg5 hxg5 38. b5 Rb4 39. b6 Kg6 40. Ra8 Kf5 41. Rf8 Kg6 42. Kf1 Kg7 43. Rc8 Be5 44. Ke2 Kf7 45. Kd3 Bd6 46. Rc7+ Kf6 47. Rd7 Be5 48. Bc5 Rb1 49. Kc4 Rb2 50. Rd3 Kf7 51. Rf3+ Ke8 52. Re3 1-0

[Event "MNE-ch 76th"]
[Site "Podgorica"]
[Date "2024.02.10"]
[Round "5"]
[White "Lakusic, Zoran"]
[Black "Musovic, Armin"]
[Result "0-1"]
[WhiteElo "1652"]
[BlackElo "2268"]
[PlyCount "48"]
[EventDate "2024.02.06"]
[EventType "swiss"]
[EventRounds "11"]
[EventCountry "MNE"]
[SourceTitle "CB08_2024"]
[SourceDate "2024.02.21"]
[SourceVersion "1"]
[SourceVersionDate "2024.02.21"]
[SourceQuality "1"]

1. a3 g6 2. Nf3 c5 3. g3 Bg7 4. Bg2 d5 5. 0-0 Nf6 6. d3 0-0 7. c3 Nc6 8. Bf4 Re8 9. Be5 Qb6 10. Bxf6 exf6 11. Qc2 c4 12. e3 Bf5 13. Ne1 cxd3 14. Qd2 Ne5 15. Bxd5 Rad8 16. c4 Bh3 17. Nc3 Bxf1 18. Kxf1 Qb3 19. Rb1 f5 20. Qd1 Qb6 21. Nxd3 Ng4 22. c5 Qa6 23. Kg1 Bxc3 24. bxc3 Rxd5 0-1

[Event "MNE-ch 76th"]
[Site "Podgorica"]
[Date "2024.02.07"]
[Round "2"]
[White "Musovic, Armin"]
[Black "Ivanovic, Bozidar"]
[Result "1-0"]
[WhiteElo "2268"]
[BlackElo "2403"]
[PlyCount "83"]
[EventDate "2024.02.06"]
[EventType "swiss"]
[EventRounds "11"]
[EventCountry "MNE"]
[SourceTitle "CB08_2024"]
[SourceDate "2024.02.21"]
[SourceVersion "1"]
[SourceVersionDate "2024.02.21"]
[SourceQuality "1"]

1. a3 d5 2. d4 Nf6 3. Nf3 e6 4. e3 c5 5. c4 dxc4 6. Bxc4 Nc6 7. 0-0 a6 8. Nc3 cxd4 9. exd4 Be7 10. Ba2 0-0 11. Re1 Nd5 12. Ne4 Nf6 13. Nc3 Nd5 14. Ne4 Nf6 15. h4 Nxe4 16. Rxe4 Bf6 17. Bf4 Ne7 18. Rc1 Nd5 19. Bg3 Bd7 20. h5 Bc6 21. Rg4 Ne7 22. Ne5 Bd5 23. Bb1 Nf5 24. Qd3 Bxe5 25. Bxe5 f6 26. Bf4 Rf7 27. Qc2 Re7 28. Be3 Qe8 29. Rh4 g5 30. Rh2 g4 31. Qe2 Rg7 32. h6 Rg6 33. Rh5 Nxe3 34. Qxe3 f5 35. Qe5 Rc8 36. Re1 Qf7 37. Bxf5 Qf6 38. Bxg6 Qxe5 39. Bxh7+ Kxh7 40. Rexe5 g3 41. fxg3 Rc2 42. Reg5 1-0

[Event "Titled Tuesday intern op 26th Sep Late"]
[Site "Chess.com INT"]
[Date "2023.09.26"]
[Round "9"]
[White "Mendez Fortes, Eduardo Jesus"]
[Black "Musovic, Armin"]
[Result "0-1"]
[WhiteElo "2231"]
[BlackElo "2266"]
[PlyCount "140"]
[EventDate "2023.09.26"]
[EventType "swiss (blitz)"]
[EventRounds "11"]
[EventCountry "USA"]
[SourceTitle "EXT 2024"]
[Source "ChessBase"]
[SourceDate "2023.10.10"]
[SourceVersion "1"]
[SourceVersionDate "2023.10.10"]
[SourceQuality "1"]

1. e4 c6 2. d4 d5 3. e5 c5 4. dxc5 Nc6 5. Nf3 Bg4 6. c3 e6 7. Be3 Nge7 8. Be2 Bxf3 9. Bxf3 Nxe5 10. Be2 Nf5 11. Bd4 Nxd4 12. cxd4 Nc6 13. 0-0 Be7 14. Bb5 0-0 15. Bxc6 bxc6 16. Re1 Rb8 17. Qd2 Re8 18. Nc3 Bf6 19. b3 e5 20. dxe5 Bxe5 21. Rac1 Qf6 22. g3 h5 23. Nd1 h4 24. Ne3 Qf3 25. Qd1 Qxd1 26. Rexd1 Rb4 27. Kg2 Kf8 28. Nf5 g5 29. Rd3 f6 30. Rc2 Kf7 31. Re3 Rh8 32. a3 h3+ 33. Kf1 Re4 34. Rxe4 dxe4 35. Ke2 Ke6 36. Ne3 f5 37. Rd2 f4 38. Nc4 e3 39. Rd1 exf2 40. Kxf2 fxg3+ 41. hxg3 Bc7 42. Nd6 h2 43. Kg2 h1Q+ 44. Rxh1 Rxh1 45. Kxh1 Bxd6 46. cxd6 Kxd6 47. Kg2 g4 48. Kf2 Ke5 49. Ke3 c5 50. Kd3 Kd5 51. b4 a6 52. Ke3 cxb4 53. axb4 Kc4 54. Kf4 Kxb4 55. Kxg4 a5 56. Kh5 a4 57. g4 a3 58. g5 a2 59. g6 a1Q 60. Kh6 Qh8+ 61. Kg5 Qg8 62. Kf5 Kc5 63. Kf6 Kc6 64. g7 Kd7 65. Kg6 Ke7 66. Kh6 Kf6 67. Kh5 Qxg7 68. Kh4 Qg2 69. Kh5 Qg3 70. Kh6 Qh4# 0-1

[Event "Titled Tuesday intern op 26th Sep Late"]
[Site "Chess.com INT"]
[Date "2023.09.26"]
[Round "7"]
[White "Musovic, Armin"]
[Black "Gedajlovic, Max"]
[Result "0-1"]
[WhiteElo "2266"]
[BlackElo "2403"]
[PlyCount "27"]
[EventDate "2023.09.26"]
[EventType "swiss (blitz)"]
[EventRounds "11"]
[EventCountry "USA"]
[SourceTitle "EXT 2024"]
[Source "ChessBase"]
[SourceDate "2023.10.10"]
[SourceVersion "1"]
[SourceVersionDate "2023.10.10"]
[SourceQuality "1"]

1. e4 e6 2. Qe2 c5 3. Nf3 Nc6 4. g3 g6 5. Bg2 Bg7 6. c3 Nge7 7. 0-0 0-0 8. d3 d5 9. Re1 b6 10. Nbd2 Ba6 11. h4 dxe4 12. Nxe4 Qxd3 13. Bg5 Qxe2 14. Nf6+ 0-1

[Event "Titled Tuesday intern op 26th Sep Early"]
[Site "Chess.com INT"]
[Date "2023.09.26"]
[Round "1"]
[White "Musovic, Armin"]
[Black "Zemlyanskii, Ivan"]
[Result "0-1"]
[WhiteElo "2266"]
[BlackElo "2362"]
[PlyCount "62"]
[EventDate "2023.09.26"]
[EventType "swiss (blitz)"]
[EventRounds "11"]
[EventCountry "USA"]
[SourceTitle "EXT 2024"]
[Source "ChessBase"]
[SourceDate "2023.10.10"]
[SourceVersion "1"]
[SourceVersionDate "2023.10.10"]
[SourceQuality "1"]

1. a3 d5 2. Nc3 Nf6 3. d3 c5 4. Bg5 Nc6 5. e4 d4 6. Nb1 e5 7. h3 Be7 8. Nd2 0-0 9. g4 Be6 10. Ne2 h6 11. Bxf6 Bxf6 12. Bg2 Rc8 13. 0-0 b5 14. b3 Bg5 15. f4 exf4 16. Nxf4 Bxf4 17. Rxf4 Ne5 18. Qe2 c4 19. Raf1 cxd3 20. cxd3 Rc2 21. Qd1 Rc3 22. Nf3 Rxd3 23. Qe2 Re3 24. Qxb5 Ng6 25. Rf5 Bxf5 26. exf5 Nf4 27. Qc5 Re2 28. Rf2 Rxf2 29. Kxf2 Nd3+ 30. Kg3 Nxc5 31. f6 Qxf6 0-1

[Event "Titled Tuesday intern op 19th Sep Early"]
[Site "Chess.com INT"]
[Date "2023.09.19"]
[Round "4"]
[White "Bokros, Albert"]
[Black "Musovic, Armin"]
[Result "0-1"]
[WhiteElo "2447"]
[BlackElo "2266"]
[PlyCount "102"]
[EventDate "2023.09.19"]
[EventType "swiss (blitz)"]
[EventRounds "11"]
[EventCountry "USA"]
[SourceTitle "EXT 2024"]
[Source "ChessBase"]
[SourceDate "2023.10.10"]
[SourceVersion "1"]
[SourceVersionDate "2023.10.10"]
[SourceQuality "1"]

1. e4 c6 2. d4 d5 3. e5 c5 4. c4 Nc6 5. cxd5 Qxd5 6. Nf3 cxd4 7. Nc3 Qa5 8. Nxd4 Qxe5+ 9. Be3 e6 10. Bb5 Bd7 11. 0-0 Nf6 12. Re1 Be7 13. Qd2 0-0 14. f4 Qc7 15. Bxc6 Bxc6 16. Nxc6 Qxc6 17. Bf2 Rfd8 18. Qe2 Bc5 19. Rad1 Bxf2+ 20. Qxf2 a6 21. h3 h5 22. Qe2 Qb6+ 23. Kh2 Rxd1 24. Rxd1 Rd8 25. Rxd8+ Qxd8 26. Qe5 Qd2 27. Ne4 Nxe4 28. Qxe4 Qxb2 29. a4 Qf6 30. Qxb7 Qxf4+ 31. Kh1 Qxa4 32. Qc8+ Kh7 33. Qc1 g6 34. Qc7 Kg7 35. Qe5+ Kg8 36. Qf6 Qd1+ 37. Kh2 Qd6+ 38. Kh1 a5 39. Qf3 Qb4 40. Qa8+ Kh7 41. Qe8 Qe1+ 42. Kh2 Qe5+ 43. Kh1 Qf5 44. Qa4 Kg7 45. Qd4+ e5 46. Qa4 Qf1+ 47. Kh2 Qf4+ 48. Qxf4 exf4 49. g3 fxg3+ 50. Kxg3 a4 51. Kf3 a3 0-1

[Event "Titled Tuesday intern op 19th Sep Late"]
[Site "Chess.com INT"]
[Date "2023.09.19"]
[Round "4"]
[White "Musovic, Armin"]
[Black "Blanco Diez, David"]
[Result "1-0"]
[WhiteElo "2266"]
[BlackElo "2298"]
[PlyCount "71"]
[EventDate "2023.09.19"]
[EventType "swiss (blitz)"]
[EventRounds "11"]
[EventCountry "USA"]
[SourceTitle "EXT 2024"]
[Source "ChessBase"]
[SourceDate "2023.10.10"]
[SourceVersion "1"]
[SourceVersionDate "2023.10.10"]
[SourceQuality "1"]

1. a3 e5 2. d4 exd4 3. Qxd4 Nc6 4. Qa4 d5 5. Nf3 Nf6 6. Bg5 h6 7. Bh4 g5 8. Bg3 Bg7 9. Nc3 Bd7 10. 0-0-0 Ne7 11. Qb4 b6 12. e4 c5 13. Qb3 d4 14. Nb5 0-0 15. e5 Ne4 16. h4 g4 17. Nd2 Nxg3 18. fxg3 Bxe5 19. Nc4 Be6 20. Re1 Bg7 21. Rxe6 fxe6 22. Ncd6 Nd5 23. Bc4 a6 24. Bxd5 exd5 25. Qxd5+ Kh7 26. Qe4+ Kg8 27. Qe6+ Kh7 28. Qe4+ Kh8 29. Qe6 Qf6 30. Nc7 Qxe6 31. Nxe6 Rf6 32. Nxg7 Kxg7 33. Ne4 Re6 34. Nf2 h5 35. Nd3 Rf6 36. Nf4 1-0

[Event "Titled Tuesday intern op 19th Sep Early"]
[Site "Chess.com INT"]
[Date "2023.09.19"]
[Round "3"]
[White "Musovic, Armin"]
[Black "Ozen, Deniz"]
[Result "0-1"]
[WhiteElo "2266"]
[BlackElo "2382"]
[PlyCount "94"]
[EventDate "2023.09.19"]
[EventType "swiss (blitz)"]
[EventRounds "11"]
[EventCountry "USA"]
[SourceTitle "EXT 2024"]
[Source "ChessBase"]
[SourceDate "2023.10.10"]
[SourceVersion "1"]
[SourceVersionDate "2023.10.10"]
[SourceQuality "1"]

1. a3 e5 2. d4 exd4 3. Qxd4 Nc6 4. Qa4 d5 5. Nf3 Nf6 6. Bg5 Be7 7. Nc3 Be6 8. 0-0-0 0-0 9. e4 Ng4 10. Bxe7 Qxe7 11. exd5 Nxf2 12. dxe6 Nxh1 13. exf7+ Kh8 14. Re1 Qxf7 15. Bd3 Nf2 16. Bxh7 Qf4+ 17. Qxf4 Rxf4 18. Bg6 Rf6 19. Bd3 Nxd3+ 20. cxd3 Rd8 21. Re3 Rfd6 22. Ng5 Rxd3 23. Nf7+ Kg8 24. Nxd8 Rxe3 25. Nxb7 Re5 26. Kd2 Rg5 27. g3 Ne5 28. Ke2 Nc4 29. Nd1 Nxb2 30. Nxb2 Rb5 31. Nc4 Rxb7 32. Kd3 Rb3+ 33. Kd4 Rf3 34. a4 Rf2 35. a5 Rxh2 36. Kc5 Rg2 37. Na3 Rxg3 38. Nb5 Rg5+ 39. Kc6 a6 40. Nxc7 Rxa5 41. Kb6 Ra1 42. Nxa6 Rxa6+ 43. Kxa6 g5 44. Kb5 g4 45. Kc4 g3 46. Kd3 g2 47. Ke2 g1Q 0-1

[Event "Titled Tuesday intern op 19th Sep Early"]
[Site "Chess.com INT"]
[Date "2023.09.19"]
[Round "10"]
[White "Musovic, Armin"]
[Black "Piesik, Piotr"]
[Result "1/2-1/2"]
[WhiteElo "2266"]
[BlackElo "2426"]
[PlyCount "107"]
[EventDate "2023.09.19"]
[EventType "swiss (blitz)"]
[EventRounds "11"]
[EventCountry "USA"]
[SourceTitle "EXT 2024"]
[Source "ChessBase"]
[SourceDate "2023.10.10"]
[SourceVersion "1"]
[SourceVersionDate "2023.10.10"]
[SourceQuality "1"]

1. e4 g6 2. Nc3 Bg7 3. a3 c6 4. Bc4 d6 5. d3 Nf6 6. Nge2 0-0 7. 0-0 d5 8. exd5 cxd5 9. Ba2 Nc6 10. Bg5 e6 11. Qd2 Qb6 12. h4 Nd4 13. Nxd4 Qxd4 14. Qf4 Ng4 15. Qxd4 Bxd4 16. Rab1 h6 17. Bd2 Bd7 18. Ne2 Bb6 19. d4 Bb5 20. c4 Bxc4 21. Bxc4 dxc4 22. f3 Ne5 23. Bxh6 Rfd8 24. Be3 Nd3 25. Rfd1 e5 26. b3 exd4 27. Bg5 Re8 28. bxc4 Ne5 29. Rxb6 axb6 30. Rxd4 Rxa3 31. Nf4 f5 32. Nd5 Kf7 33. Nxb6 Rd3 34. Rf4 Ke6 35. Nd5 Rc8 36. Ne7 Rxc4 37. Nxg6 Rc1+ 38. Kh2 Nxg6 39. Rb4 Rc2 40. h5 Ne5 41. Rb6+ Kd5 42. Kg3 Rd1 43. Bf4 Nd3 44. Rb5+ Kc4 45. Rxb7 Nxf4 46. Rc7+ Kd3 47. Rd7+ Ke2 48. Rxd1 Kxd1 49. Kxf4 Rxg2 50. Kxf5 Ke2 51. h6 Kxf3 52. h7 Rh2 53. Kg6 Rxh7 54. Kxh7 1/2-1/2

[Event "Titled Tuesday intern op 12th Sep Early"]
[Site "Chess.com INT"]
[Date "2023.09.12"]
[Round "3"]
[White "Korol, Dimitry"]
[Black "Musovic, Armin"]
[Result "1/2-1/2"]
[WhiteElo "2287"]
[BlackElo "2266"]
[PlyCount "108"]
[EventDate "2023.09.12"]
[EventType "swiss (blitz)"]
[EventRounds "11"]
[EventCountry "USA"]
[SourceTitle "EXT 2024"]
[Source "ChessBase"]
[SourceDate "2023.10.10"]
[SourceVersion "1"]
[SourceVersionDate "2023.10.10"]
[SourceQuality "1"]

1. d4 d5 2. c4 c5 3. Nc3 cxd4 4. Qxd4 Nc6 5. Qxd5 Be6 6. Qb5 a6 7. Qa4 Nf6 8. Nf3 Nd7 9. e3 Nb6 10. Qb3 Na5 11. Qc2 Naxc4 12. Be2 g6 13. Nd4 Bd7 14. b3 Nd6 15. Bb2 Bg7 16. 0-0 Rc8 17. Rac1 0-0 18. Rfd1 Qc7 19. Qb1 Qb8 20. h3 Rfd8 21. Bf3 Qa7 22. Nd5 Nxd5 23. Bxd5 e6 24. Bf3 Qb8 25. Ne2 Bb5 26. Bxg7 Kxg7 27. Rxc8 Qxc8 28. Nd4 Be8 29. Qb2 Kg8 30. Rc1 Qb8 31. Ne2 Nf5 32. g3 Qd6 33. Kg2 h5 34. h4 Qe7 35. Qe5 Rd2 36. Rc7 Qd8 37. Rxb7 Rxe2 38. Bxe2 Bc6+ 39. Bf3 Bxb7 40. Bxb7 Qe7 41. Bxa6 f6 42. Qb5 Qd6 43. Qb7 Qe5 44. Bc4 Kh8 45. Qd7 Qe4+ 46. Kh2 Qf3 47. Qe8+ Kh7 48. Qf7+ Ng7 49. Bxe6 Qxf2+ 50. Kh3 Qf1+ 51. Kh2 Qe2+ 52. Kh3 Qf1+ 53. Kh2 Qf2+ 54. Kh3 Qf1+ 1/2-1/2

[Event "Titled Tuesday intern op 12th Sep Early"]
[Site "Chess.com INT"]
[Date "2023.09.12"]
[Round "10"]
[White "Ljubarov, Mark"]
[Black "Musovic, Armin"]
[Result "1-0"]
[WhiteElo "2305"]
[BlackElo "2266"]
[PlyCount "121"]
[EventDate "2023.09.12"]
[EventType "swiss (blitz)"]
[EventRounds "11"]
[EventCountry "USA"]
[SourceTitle "EXT 2024"]
[Source "ChessBase"]
[SourceDate "2023.10.10"]
[SourceVersion "1"]
[SourceVersionDate "2023.10.10"]
[SourceQuality "1"]

1. d4 d5 2. c4 c5 3. Nf3 Nf6 4. g3 cxd4 5. Bg2 dxc4 6. Qxd4 Qxd4 7. Nxd4 a6 8. Nd2 e5 9. N4f3 e4 10. Ne5 e3 11. fxe3 Nbd7 12. Ndxc4 Nxe5 13. Nxe5 Bd6 14. Nc4 Bc7 15. b3 0-0 16. 0-0 Re8 17. Bb2 Ng4 18. Bd5 Be6 19. Bxb7 Rab8 20. Bxa6 h5 21. Bd4 h4 22. h3 Bxc4 23. Bxc4 Nxe3 24. Bxf7+ Kh7 25. Bxe8 Nxf1 26. Rxf1 Rxe8 27. Rf7 Bxg3 28. Rxg7+ Kh6 29. e3 Rf8 30. a4 Rf2 31. a5 Ra2 32. b4 Bf2+ 33. Kf1 Bxe3 34. Rd7 Bf4 35. Rf7 Bg3 36. Ra7 Kg5 37. a6 Kf5 38. b5 Ke4 39. Bc5 Kf3 40. Rf7+ Bf4 41. Rxf4+ Kxf4 42. a7 Kf3 43. Ke1 Ke4 44. b6 Ra1+ 45. Kd2 Kd5 46. b7 Ra2+ 47. Kc3 Kxc5 48. b8Q Rh2 49. Qc7+ Kd5 50. Qxh2 Kc6 51. Qg1 Kb7 52. Qg4 Ka8 53. Qxh4 Kb7 54. Qg4 Ka8 55. h4 Kb7 56. Qe6 Ka8 57. Qc6+ Kxa7 58. Qb5 Ka8 59. Kc4 Ka7 60. Kc5 Ka8 61. Kc6 1-0

[Event "Titled Tuesday intern op 12th Sep Late"]
[Site "Chess.com INT"]
[Date "2023.09.12"]
[Round "7"]
[White "Ozcan, Kaan"]
[Black "Musovic, Armin"]
[Result "1/2-1/2"]
[WhiteElo "2174"]
[BlackElo "2266"]
[PlyCount "140"]
[EventDate "2023.09.12"]
[EventType "swiss (blitz)"]
[EventRounds "11"]
[EventCountry "USA"]
[SourceTitle "EXT 2024"]
[Source "ChessBase"]
[SourceDate "2023.10.10"]
[SourceVersion "1"]
[SourceVersionDate "2023.10.10"]
[SourceQuality "1"]

1. Nf3 Nf6 2. g3 g5 3. Nxg5 d5 4. d4 c5 5. c3 Nc6 6. Bg2 h5 7. h4 Ng4 8. dxc5 e6 9. e4 Bxc5 10. 0-0 d4 11. cxd4 Qxd4 12. Qxd4 Nxd4 13. Nc3 b5 14. Nf3 Rb8 15. Bf4 Rb6 16. Rad1 Nxf3+ 17. Bxf3 e5 18. Bxg4 Bxg4 19. Bxe5 0-0 20. Rd5 Rc8 21. Bd4 Bxd4 22. Rxd4 Kf8 23. f3 Be6 24. Rfd1 b4 25. Nd5 Bxd5 26. Rxd5 Rc2 27. R5d2 b3 28. axb3 Rxd2 29. Rxd2 Rxb3 30. Kf2 Ke7 31. Ke2 a5 32. Kf2 a4 33. Kg2 Ke6 34. Kf2 f6 35. Ke2 Ke7 36. Kf2 Ke6 37. Kg2 Ke7 38. Rf2 Ke6 39. Kf1 Ke5 40. Kg2 Kd4 41. Rd2+ Ke3 42. Rc2 Kd3 43. Rf2 Ke3 44. Kg1 Kd3 45. g4 hxg4 46. fxg4 Kxe4 47. h5 Rg3+ 48. Rg2 Rd3 49. Kh2 Kf4 50. h6 Kg5 51. h7 Rd8 52. Kg3 Rh8 53. Rh2 Kg6 54. Kf4 Rxh7 55. Rxh7 Kxh7 56. g5 fxg5+ 57. Kxg5 Kg7 58. Kf4 Kf6 59. Ke4 Ke6 60. Kd4 a3 61. bxa3 Kd6 62. a4 Kc6 63. Kc4 Kb7 64. Kb4 Ka7 65. Kb5 Kb7 66. Ka5 Ka7 67. Kb5 Kb7 68. a5 Ka7 69. Kc6 Ka6 70. Kc5 Kxa5 1/2-1/2

[Event "Titled Tuesday intern op 05th Sep Late"]
[Site "Chess.com INT"]
[Date "2023.09.05"]
[Round "4"]
[White "Musovic, Armin"]
[Black "Dourerassou, Jonathan"]
[Result "1-0"]
[WhiteElo "2266"]
[BlackElo "2415"]
[PlyCount "177"]
[EventDate "2023.09.05"]
[EventType "swiss (blitz)"]
[EventRounds "11"]
[EventCountry "USA"]
[SourceTitle "EXT 2024"]
[Source "ChessBase"]
[SourceDate "2023.10.10"]
[SourceVersion "1"]
[SourceVersionDate "2023.10.10"]
[SourceQuality "1"]

1. a3 d5 2. Nc3 d4 3. Ne4 Bf5 4. Ng3 Bg6 5. f4 e6 6. Nf3 Nf6 7. d3 c5 8. e4 dxe3 9. Bxe3 Nc6 10. Be2 Nd5 11. Qd2 Bd6 12. 0-0 Qc7 13. Nh4 Nxe3 14. Qxe3 0-0-0 15. c3 Ne7 16. Bg4 Nd5 17. Bxe6+ fxe6 18. Qxe6+ Kb8 19. Qxd5 Bxf4 20. Qf3 Bxg3 21. Qxg3 Qxg3 22. hxg3 Bxd3 23. Rf7 g6 24. Re1 Bc4 25. Rf4 Bb5 26. Nf3 Rhe8 27. Rxe8 Rxe8 28. c4 Bc6 29. Ng5 h6 30. Nf7 h5 31. b4 cxb4 32. axb4 a6 33. Nd6 Re1+ 34. Rf1 Re3 35. b5 axb5 36. cxb5 Kc7 37. bxc6 Kxd6 38. cxb7 Rb3 39. Rf6+ Ke5 40. Rxg6 Rxb7 41. Rg5+ Ke4 42. Rxh5 Rg7 43. Kh2 Ke3 44. Rh4 Kf2 45. Rf4+ Ke3 46. Rf3+ Ke4 47. Ra3 Rh7+ 48. Kg1 Rb7 49. Rf3 Rh7 50. Rf8 Rh6 51. Kf2 Ra6 52. g4 Ra3 53. Rf3 Ra1 54. Kg3 Ke5 55. g5 Ra4 56. Kh3 Ke6 57. g4 Ra1 58. Kh4 Rh1+ 59. Kg3 Ke7 60. Rf6 Rg1+ 61. Kf4 Rf1+ 62. Ke5 Re1+ 63. Kf5 Rf1+ 64. Kg6 Rg1 65. Rf4 Rg2 66. Kh6 Rh2+ 67. Kg7 Ra2 68. Re4+ Kd6 69. g6 Ra7+ 70. Kh6 Kd5 71. Re1 Ra4 72. g5 Rh4+ 73. Kg7 Ra4 74. Kh7 Ra7+ 75. g7 Rb7 76. Kh8 Rb4 77. g8Q+ Kd4 78. Qg7+ Kc4 79. Re4+ Kb5 80. Rxb4+ Kxb4 81. Qc7 Kb5 82. g6 Ka4 83. Qb6 Ka3 84. Kg7 Ka2 85. Kf6 Ka3 86. Ke5 Ka2 87. Kd4 Ka3 88. Kc3 Ka2 89. Qb2# 1-0

[Event "BIH-chT1 30th"]
[Site "Gorazde"]
[Date "2023.08.31"]
[Round "9.1"]
[White "Ivanisevic, Ivan"]
[Black "Musovic, Armin"]
[Result "1-0"]
[WhiteElo "2530"]
[BlackElo "2255"]
[PlyCount "55"]
[EventDate "2023.08.26"]
[EventType "team-tourn"]
[EventRounds "9"]
[EventCountry "BIH"]
[SourceTitle "EXT 2024"]
[Source "ChessBase"]
[SourceDate "2023.10.10"]
[SourceVersion "1"]
[SourceVersionDate "2023.10.10"]
[SourceQuality "1"]

1. d4 a6 2. g3 e6 3. Bg2 d5 4. Nf3 Nf6 5. 0-0 Be7 6. c4 0-0 7. Nc3 c6 8. b3 b5 9. Ne5 Bb7 10. e4 dxc4 11. bxc4 Bb4 12. Ne2 c5 13. d5 bxc4 14. dxe6 fxe6 15. Nxc4 Nxe4 16. Qc2 Nd6 17. Bxb7 Nxb7 18. a3 Ba5 19. Rd1 Qf6 20. Be3 Nc6 21. Qe4 e5 22. Rab1 Nd4 23. Bxd4 exd4 24. Nf4 Qf7 25. Rxb7 Qxc4 26. Ne6 g6 27. Rg7+ Kh8 28. Qh4 1-0

[Event "BIH-chT1 30th"]
[Site "Gorazde"]
[Date "2023.08.30"]
[Round "7.1"]
[White "Koso, Ekrem"]
[Black "Musovic, Armin"]
[Result "1/2-1/2"]
[WhiteElo "2211"]
[BlackElo "2255"]
[PlyCount "21"]
[EventDate "2023.08.26"]
[EventType "team-tourn"]
[EventRounds "9"]
[EventCountry "BIH"]
[SourceTitle "EXT 2024"]
[Source "ChessBase"]
[SourceDate "2023.10.10"]
[SourceVersion "1"]
[SourceVersionDate "2023.10.10"]
[SourceQuality "1"]

1. e4 c6 2. d4 d5 3. exd5 cxd5 4. Nf3 Nf6 5. c4 Nc6 6. Nc3 Bg4 7. cxd5 Nxd5 8. Be2 Bxf3 9. Bxf3 e6 10. Nxd5 exd5 11. 0-0 1/2-1/2

[Event "BIH-chT1 30th"]
[Site "Gorazde"]
[Date "2023.08.30"]
[Round "8.1"]
[White "Musovic, Armin"]
[Black "Milanovic, Slavisa"]
[Result "0-1"]
[WhiteElo "2255"]
[BlackElo "2316"]
[PlyCount "96"]
[EventDate "2023.08.26"]
[EventType "team-tourn"]
[EventRounds "9"]
[EventCountry "BIH"]
[SourceTitle "EXT 2024"]
[Source "ChessBase"]
[SourceDate "2023.10.10"]
[SourceVersion "1"]
[SourceVersionDate "2023.10.10"]
[SourceQuality "1"]

1. c4 Nf6 2. a3 c5 3. g3 e6 4. Bg2 Be7 5. Nf3 0-0 6. 0-0 Qc7 7. Nc3 a6 8. Qb3 d6 9. e4 Nc6 10. d3 Rb8 11. Bf4 b5 12. cxb5 Nd4 13. Qd1 axb5 14. Rc1 b4 15. axb4 Nxf3+ 16. Qxf3 Rxb4 17. d4 c4 18. Qe2 Qb6 19. e5 dxe5 20. dxe5 Nd7 21. Qh5 Bb7 22. Bxb7 Qxb7 23. Nd1 Rc8 24. Ne3 Nb6 25. Rfd1 Rxb2 26. Bg5 h6 27. Bxh6 gxh6 28. Ng4 Bg5 29. h4 Bxc1 30. Rxc1 Nd5 31. Kh2 Kf8 32. Qxh6+ Ke8 33. Rd1 Qe7 34. h5 c3 35. Qh8+ Qf8 36. Qh7 Rd2 37. Rc1 Qc5 38. Qg8+ Ke7 39. Qg5+ Kd7 40. h6 Rxf2+ 41. Kh3 Rf5 42. Qh4 Qa3 43. Rd1 c2 44. Nf6+ Rxf6 45. Rxd5+ exd5 46. Qxf6 Qe7 47. Qf2 c1Q 48. Qa7+ Rc7 0-1